Perennité du gothique (notice n° 1605923)

détails MARC
000 -LEADER
fixed length control field 01932cam a2200169 4500500
005 - DATE AND TIME OF LATEST TRANSACTION
control field 20251228095228.0
041 ## - LANGUAGE CODE
Language code of text/sound track or separate title fre
042 ## - AUTHENTICATION CODE
Authentication code dc
100 10 - MAIN ENTRY--PERSONAL NAME
Personal name Monnier, Gérard
Relator term author
245 00 - TITLE STATEMENT
Title Perennité du gothique
260 ## - PUBLICATION, DISTRIBUTION, ETC.
Date of publication, distribution, etc. 2005.<br/>
500 ## - GENERAL NOTE
General note 87
520 ## - SUMMARY, ETC.
Summary, etc. RésuméLes références à l’architecture gothique sont multiples tout au long du xixe siècle ; sous différentes formes et avec des contenus variés : représentation et mimétisme, dans l’architecture religieuse ; rationalisme de l’art de bâtir dans l’architecture civile et industrielle ; gothique polémique, porteur d’une vérité, avec le naturalisme de l’art décoratif gothique – une des sources du répertoire ornemental de l’Art nouveau. Au xxe siècle, la référence au gothique est actualisée par la mise au point d’une architecture en béton armé, reçue avec emphase par l’Église catholique, qui y trouve la réponse attendue à l’horizon d’attente d’un art sacré contemporain.
520 ## - SUMMARY, ETC.
Summary, etc. References to the gothic architecture are numerous throughout the 19 th century ; under different forms and with varied contents : representation and mimicry, in religious architecture ; rationalism of the art of construction in civilian and industrial architecture ; controversial gothic, carrier of a truth, with the naturalism of the gothic decorative art – one of the sources of the ornamental repertoire of Art Nouveau. During the 20 th century, the reference to the gothic style is updated by the engineering of an architecture using reinforced concrete, received with emphasis by the Catholic church, who finds here an answer to their expectations of a contemporary form of sacred art.
786 0# - DATA SOURCE ENTRY
Note Sociétés & Représentations | 20 | 2 | 2005-09-01 | p. 175-184 | 1262-2966
856 41 - ELECTRONIC LOCATION AND ACCESS
Uniform Resource Identifier <a href="https://shs.cairn.info/revue-societes-et-representations-2005-2-page-175?lang=fr&redirect-ssocas=7080">https://shs.cairn.info/revue-societes-et-representations-2005-2-page-175?lang=fr&redirect-ssocas=7080</a>

Pas d'exemplaire disponible.

PLUDOC

PLUDOC est la plateforme unique et centralisée de gestion des bibliothèques physiques et numériques de Guinée administré par le CEDUST. Elle est la plus grande base de données de ressources documentaires pour les Étudiants, Enseignants chercheurs et Chercheurs de Guinée.

Adresse

627 919 101/664 919 101

25 boulevard du commerce
Kaloum, Conakry, Guinée

Réseaux sociaux

Powered by Netsen Group @ 2025